000
00336nam a22001457a 4500
003
OSt
008
220521b ||||| |||| 00| 0 eng d
020
_a
978-0-919-2911-4
082
_a
650.1 FEF
100
_a
FERRISS,Timothy
245
_a
The 4-Hour Work Week
260
_a
London
_b
Vermiloon
_c
2011
300
_a
396
942
_2
ddc
_c
BK
999
_c
11232
_d
11232